000 00645nam a2200169Ia 4500
008 090711s9999 xx 000 0 und d
082 _b72195
100 _aसाळुंखे आ. ह.
245 _aहिंदू संस्उाgऎती आणि स्त्री
260 _bलोक वाङमय गृह
_c1993
300 _a179
600 _aसाळुंखे आ. ह.
630 _aहिंदू संस्उाgऎती आणि स्त्री
700 _aसाळुंखे आ. ह.
730 _aहिंदू संस्उाgऎती आणि स्त्री
942 _cBOOK
999 _c325703
_d325703